书目信息 |
| 书名: | School and Society | |
| 作者: | Steven E.Tozer. | |
| 分册号: | ||
| 分册名: | 出版地: | New York : |
|
| 出版社: | McGRAW-HILL | |
| 出版时间: | 1993. | |
| 页数: | 434 p. ; | |
| 开本: | 29cm. | |
| 丛书名: | ||
| 中图分类号: | ||
| 科图分类号: | ||
| 其他分类号: | G40-052 | |
| 主题词: | ||
| 电子资源: | ||
| 000 | 00440nam 2200145 a 4500 | |
| 001 | E0256766742 | |
| 005 | 2002031315460675 | |
| 008 | 020313s1993 00010 eng | |
| 020 | @a0-07-557043-2@bsoft :@cRMB 12.00. | |
| 040 | @aPFT@beng | |
| 090 | @aG40-052 | |
| 099 | @dG40-052@eT757 | |
| 245 | @aSchool and Society :@beducationl practice as sicial expression / @cSteven E.Tozer. | |
| 260 | @aNew York :@bMcGRAW-HILL,@c1993. | |
| 300 | @a434 p. ;@c29cm. | |
| School and Society : : educationl practice as sicial expression / / Steven E.Tozer.-New York : : McGRAW-HILL, , 1993. |
| 434 p. ; ; 29cm. |
| ISBN 0-07-557043-2soft :RMB 12.00. |
| ● |
| 相关链接 |
|
|
|
正题名:School and Society
索取号:G40-052/T757
 
预约/预借
| 序号 | 登录号 | 条形码 | 馆藏地/架位号 | 状态 | 备注 |
| 1 | 01983 | 300019833 | 社科库409/409社科库 119排1列6层/ [索取号:G40-052/T757] | 在馆 | |
| 2 | 02467 | 300024676 | 社科库409/409社科库 119排1列6层/ [索取号:G40-052/T757] | 在馆 | |
| 3 | 02493 | 300024934 | 社科库409/409社科库 119排1列6层/ [索取号:G40-052/T757] | 在馆 | |
| 4 | 02765 | 300027655 | 社科库409/409社科库 119排1列6层/ [索取号:G40-052/T757] | 在馆 |